Základná charakteristika a realizácia vzdelania v rozvojových krajinách
Súčasný stav vzdelania v rozvojových krajinách. Komplementarita medzi investíciami do ľudského aj fyzického kapitálu. Charakteristické črty v realizácii vzdelania v rozvojových krajinách. Rast počtu zapísaných do škôl. Formálne a neformálne vzdelanie v rozvojových krajinách.
Salvato in:
| Autore principale: | |
|---|---|
| Natura: | Capitolo di libro |
| Lingua: | slovacco |
| Soggetti: | |
| Tags: |
Nessun Tag, puoi essere il primo ad aggiungerne!!
|
MARC
| LEADER | 00000naa a2200000 4500 | ||
|---|---|---|---|
| 001 | 0149039 | ||
| 005 | 20240502072700.6 | ||
| 041 | 0 | |a slo | |
| 044 | |a SK | ||
| 245 | 1 | 0 | |a Základná charakteristika a realizácia vzdelania v rozvojových krajinách |c Martin Grešš |
| 520 | |a Súčasný stav vzdelania v rozvojových krajinách. Komplementarita medzi investíciami do ľudského aj fyzického kapitálu. Charakteristické črty v realizácii vzdelania v rozvojových krajinách. Rast počtu zapísaných do škôl. Formálne a neformálne vzdelanie v rozvojových krajinách. | ||
| 610 | 2 | 0 | |a krajiny rozvojové |
| 610 | 2 | 0 | |a vzdelanie |
| 100 | 1 | |a Grešš, Martin, 1978- | |